| 000 | 00568nam a22001937a 4500 | ||
|---|---|---|---|
| 003 | BD-DhJNU | ||
| 005 | 20250126090624.0 | ||
| 008 | 250123b |||||||| |||| 00| 0 eng d | ||
| 020 | _a8170146054 | ||
| 040 |
_aBD-DhJNU _bENG _cBD-DhJNU _dBD-DhJNU |
||
| 082 |
_223 _a658.4034 |
||
| 100 | _aKapoor, V.K | ||
| 245 |
_aOperations research : _bProblems and solutions / _cV K Kapoor |
||
| 250 | _a4th ed. | ||
| 260 |
_aNew Delhi : _bSultan Chand & Sons, _c2001. |
||
| 300 |
_bill. ; _c24 cm. _avarious pages |
||
| 650 | _aOperations research Management | ||
| 942 |
_2ddc _cBK _n0 |
||
| 999 |
_c1176 _d1176 |
||